| 000 | 00495ntaaa2200181 4500 | ||
|---|---|---|---|
| 003 | 01 | ||
| 005 | 20251027202416.0 | ||
| 008 | 0714s1973 ag 01 | ||
| 040 |
_aAR-BaBN _bspa _cAR-BaBN _eaacr _dRIC |
||
| 082 | _a286.7000 C74i | ||
| 100 |
_aConcilio Anual de la Asociación General _922914 |
||
| 245 | _aLa iglesia adventista y la música | ||
| 250 | _a1 ed. | ||
| 260 |
_aBuenos Aires : _bSudamericana, _c1972 |
||
| 300 |
_a8 p ; _c19,5 cm |
||
| 650 |
_aiglesia adventista _95931 |
||
| 942 | _cBK | ||
| 999 |
_c19017 _d19017 |
||